Raskhan granthavali satik (Record no. 106755)

MARC details
000 -LEADER
fixed length control field 00572nam a2200193Ia 4500
003 - CONTROL NUMBER IDENTIFIER
control field OSt
005 - DATE AND TIME OF LATEST TRANSACTION
control field 20260407112821.0
008 - FIXED-LENGTH DATA ELEMENTS--GENERAL INFORMATION
fixed length control field 210210b2003 xxu||||| |||| 00| 0 eng d
040 ## - CATALOGING SOURCE
Transcribing agency AL
041 ## - LANGUAGE CODE
Language code of text/sound track or separate title Hindi
082 ## - DEWEY DECIMAL CLASSIFICATION NUMBER
Classification number H891.109 BHAR
100 ## - MAIN ENTRY--PERSONAL NAME
Personal name BHAATI (Deshraj simh)
Dates associated with a name भाटी (देशराज सिंह)
9 (RLIN) 260460
245 ## - TITLE STATEMENT
Title Raskhan granthavali satik
Remainder of title रसखान ग्रंथावली सटीक
260 ## - PUBLICATION, DISTRIBUTION, ETC.
Place of publication, distribution, etc. Dilli
Name of publisher, distributor, etc. Ashok Prakashan
Date of publication, distribution, etc. 2003
300 ## - PHYSICAL DESCRIPTION
Extent 342
690 ## - LOCAL SUBJECT ADDED ENTRY--TOPICAL TERM (OCLC, RLIN)
Topical term or geographic name as entry element Hindi Criticism
9 (RLIN) 260461
906 ## - LOCAL DATA ELEMENT F, LDF (RLIN)
a 059483
942 ## - ADDED ENTRY ELEMENTS (KOHA)
Source of classification or shelving scheme Dewey Decimal Classification
Koha item type Book
Holdings
Withdrawn status Lost status Source of classification or shelving scheme Damaged status Not for loan Collection code Home library Current library Shelving location Date acquired Source of acquisition Cost, normal purchase price Total Checkouts Full call number Barcode Date last seen Price effective from Koha item type
    Dewey Decimal Classification     Hindi St Aloysius Library St Aloysius Library   02/17/2021 Aparna Prakashan, Kanpur. 50.00   H891.109 BHAR 059483 02/17/2021 02/17/2021 Book